<?xml version="1.0" encoding="UTF-8"?>
<record
    xmlns:xsi="http://www.w3.org/2001/XMLSchema-instance"
    xsi:schemaLocation="http://www.loc.gov/MARC21/slim http://www.loc.gov/standards/marcxml/schema/MARC21slim.xsd"
    xmlns="http://www.loc.gov/MARC21/slim">

  <leader>00270nam a2200097Ia 4500</leader>
  <controlfield tag="001">1187952</controlfield>
  <controlfield tag="005">20250827021021.0</controlfield>
  <controlfield tag="008">250824s9999    xx            000 0 und d</controlfield>
  <datafield tag="245" ind1=" " ind2="0">
    <subfield code="a">U&#xC7;UK KA&#xC7;IK A&#x130;LEMLE MACERALAR HAMAM MI? TAMAM MI?</subfield>
    <subfield code="c">SAL&#x130;H UYAN</subfield>
  </datafield>
  <datafield tag="260" ind1=" " ind2=" ">
    <subfield code="b">CARPED&#x130;EM </subfield>
  </datafield>
  <datafield tag="999" ind1=" " ind2=" ">
    <subfield code="c">1187952</subfield>
    <subfield code="d">1187952</subfield>
  </datafield>
  <datafield tag="952" ind1=" " ind2=" ">
    <subfield code="0">0</subfield>
    <subfield code="1">0</subfield>
    <subfield code="4">0</subfield>
    <subfield code="7">0</subfield>
    <subfield code="a">1099</subfield>
    <subfield code="b">1099</subfield>
    <subfield code="d">2025-08-24</subfield>
    <subfield code="l">4</subfield>
    <subfield code="p">10992120</subfield>
    <subfield code="r">2026-04-06 12:50:56</subfield>
    <subfield code="s">2026-04-06</subfield>
    <subfield code="w">2025-08-27</subfield>
    <subfield code="y">BK</subfield>
  </datafield>
</record>
